书目信息 |
| 题名: |
情感教育论纲
|
|
| 作者: | 朱小蔓 著 | |
| 分册: | ||
| 出版信息: | 北京 人民出版社 2007.05 |
|
| 页数: | 225页 | |
| 开本: | 21cm | |
| 丛书名: | ||
| 单 册: | ||
| 中图分类: | G410 | |
| 科图分类: | ||
| 主题词: | 情感--教育理论 , 情感 , 教育理论 | |
| 电子资源: | ||
| ISBN: | 978-7-01-006085-9 | |
| 000 | 00918nam0 2200265 450 | |
| 001 | 003477298 | |
| 005 | 20110114151215.0 | |
| 010 | @a978-7-01-006085-9@dCNY 21.60 | |
| 100 | @a20070327d2007 em y0chiy50 ea | |
| 101 | 0 | @achi |
| 102 | @aCN@b110000 | |
| 105 | @ay z 000yy | |
| 200 | 1 | @a情感教育论纲@9qing gan jiao yu lun gang@b专著@dAffective education:an outline@f朱小蔓著@zeng |
| 210 | @a北京@c人民出版社@d2007.05 | |
| 215 | @a225页@d21cm | |
| 330 | @a本书内容包括:情感:不容易忽略的教育层面;情感价值的凸显与教育理念的沉思;情感教育形态的历史考察;情感教育的目标建构;情感教育的内在过程;当代与情感教育有关的几种教育模式。 | |
| 510 | 1 | @aAffecfive education:an outline@zeng |
| 606 | 0 | @a情感@x教育理论 |
| 606 | 0 | @a情感 |
| 606 | 0 | @a教育理论 |
| 690 | @aG410@v5 | |
| 701 | 0 | @a朱小蔓@c(女,@9zhu xiao man@f1947~)@4著 |
| 905 | @aBZT@dG410@e3 | |
| 906 | @dCNY19.60@n0@r1 | |
| SYS | @0@0@0@003477298 | |
| 情感教育论纲=Affective education:an outline/朱小蔓著.-北京:人民出版社,2007.05 |
| 225页;21cm |
| ISBN 978-7-01-006085-9:CNY 21.60 |
| 本书内容包括:情感:不容易忽略的教育层面;情感价值的凸显与教育理念的沉思;情感教育形态的历史考察;情感教育的目标建构;情感教育的内在过程;当代与情感教育有关的几种教育模式。 |
| ● |
| 相关链接 |
|
|
|
正题名:情感教育论纲
索取号:G410/3
 
预约/预借
| 序号 | 登录号 | 条形码 | 馆藏地/架位号 | 状态 | 备注 |
| 1 | 777787 | 2000777787 | 中心书库北库/ 北库031架B面4列4层23/ [索取号:G410/3] | 在馆 | |
| 2 | 777788 | 2000777788 | 中心书库北库/ 北库031架B面4列4层26/ [索取号:G410/3] | 在馆 | |
| 3 | 777789 | 2000777789 | 中心书库北库/ 北库031架B面4列4层25/ [索取号:G410/3] | 在馆 | |
| 4 | 777790 | 2000777790 | 中心书库北库/ 北库031架B面4列4层24/ [索取号:G410/3] | 在馆 | |
| 5 | 777791 | 2000777791 | 中心书库北库/ 北库031架B面4列4层22/ [索取号:G410/3] | 在馆 | |
| 6 | 777792 | 2000777792 | 中心书库北库/ 北库031架B面4列4层21/ [索取号:G410/3] | 在馆 |